Maschio e femmina li creò. (Record n. 360307)

Dettagli MARC
000 -LEADER
campo di controllo lung. fissa 00822nam a22002297a 4500
003 - Identificatore del numero di controllo
campo di controllo IT-MiCISF
005 - Data e orario dell'ultima transazione
campo di controllo 20241226190146.0
008 - Elementi di lunghezza fissa--Informazione generale
campo di controllo lung. fissa 241226b |||||||| |||| 00| 0 eng d
040 ## - Fonte della catalogazione
Agenzia che fa la trascrizione IT-MiCISF
041 ## - Codice di lingua
Codice di lingua del testo/traccia sonora o titolo separato it
100 ## - Accesso principale -- nome di persona
Nome di persona Gentili Paolo (et al.)
9 (RLIN) 58680
245 ## - Formulazione del titolo
Titolo Maschio e femmina li creò.
Complemento del titolo Apprezzare e valorizzare la differenza sessuale
250 ## - Formulazione di edizione
Formulazione di edizione "Famiglia oggi", n. 1, gennaio-febbraio
260 ## - Pubblicazione, distribuzione, ecc. (stampa)
Data di pubblicazione, distribuzione, ecc. 2015
300 ## - Descrizione fisica
Estensione pp. 4-53
310 ## - Periodicità corrente della pubblicazione
Periodicità corrente della pubblicazione bimestrale
500 ## - Nota generale
Nota generale persona, differenza-sessuale, bibbia, sessualità, comportamento, identità-sessuale<br/>
650 ## - Accesso aggiunto di soggetto--termine topico
Termine topico o nome geografico come accesso Persona
654 ## - Accesso aggiunto di soggetto--termini topici faccettati
Termine principale dossier
700 ## - Accesso aggiunto--nome di persona
Nome di persona Cioncolini T. e G. Rota Scalabrini P., Noriega J., Simeone D., Tortalla M., Oddone E., Gigli G.L., Gentile C., Toro M.B.,
-- Cantelmi T., D'Urbano C.
9 (RLIN) 61274
942 ## - Dati aggiuntivi (Koha)
Fonte della classificazione o dello schema di collocazione (segnatura) Dewey Decimal Classification
Tipo copia default (Koha) RIVISTA
Dati di copia
Ritirato (status) Perso (status) Fonte della classificazione o dello schema di collocazione (segnatura) Danneggiato (status) Non per il presito Biblioteca proprietaria Biblioteca in cui si trova Data d'acquisizione Totale prestiti Collocazione Data ultima operazione Prezzo in vigore dal Tipo copia default (Koha)
    Dewey Decimal Classification Buone Condizioni Not For Loan CISF - Milano CISF - Milano 26/12/2024   A03/R024 26/12/2024 26/12/2024 RIVISTA
CREDITS: SOCIETA' SAN PAOLO Via A.Severo, 58 - ROMA (RM) & PERIODICI SAN PAOLO SRL Via Giotto, 36 MILANO & CISF Via Giotto, 36 MILANO & EDIZIONI SAN PAOLO SRL,  Piazza Soncino, 5 CINISELLO BALSAMO (MI) -- ITALY